La declaracin̤ de guerra en el ordenamiento jurd̕ico espaǫl (un mecanismo para el control jurd̕ico de la participacin̤ del Estado espaǫl en conflictos armandos) /

Bibliographic Details
Main Author: Melero Alonso, Eduardo
Format: Unknown
Language:Spanish
Published: [Madrid] : Dykinson, 2006
Subjects:
Online Access:Acceso restringido

MARC

LEADER 00000ny a22000003n 4500
005 20110520115115.0
008 080617s2006 sp s 000 0 spa c
020 |a 8497728211 
035 |a 1388 
040 |a UMA.RE  |d vLex 
080 |a 341.3(0.034) 
090 |c 91  |d 91 
100 1 |a Melero Alonso, Eduardo 
245 1 3 |a La declaracin̤ de guerra en el ordenamiento jurd̕ico espaǫl  |h [Recurso electrn̤ico]  |b (un mecanismo para el control jurd̕ico de la participacin̤ del Estado espaǫl en conflictos armandos) /  |c Eduardo Melero Alonso 
256 |a Servicio en ln̕ea 
260 |a [Madrid] :  |b Dykinson,  |c 2006 
506 1 |a Contenido solo disponible en los productos indicados  |d vLex Global  |d vLex Global (Academic Edition, excluding Law Schools)  |d vLex Global (U.S. Academic Edition, Law Schools)  |d vLex Global (U.S. Academic Edition, excluding Law Schools)  |d vLex Global (Academic Edition, Law Schools) 
650 0 7 |2 Tesauro vLex  |a Civil 
650 0 7 |2 Tesauro vLex  |a Derecho internacional 
650 0 7 |2 Tesauro vLex  |a Derecho internacional pb︢lico 
740 0 |a vLex Libros (Servicios en ln̕ea) 
856 4 0 |z Acceso restringido  |u http://vlex.com/source/declaraci-n-guerra-ordenamiento-juridico-1388 
942 |c BOOK 
999 0 4 |a Civil Law  |v En ln̕ea 
999 0 4 |a Guerra  |z Espaą  |v En ln̕ea